1751 1815 1844 1600 1865 1005 1092 1442 1018 1751 1885 1278 1712 1586 1983 1244 1570 1927 1533 1333 1419 1261 1300 1947 1357 1130 1905 1117 1749 1393 1825 1465 1696 1809 1919 1627 1480 1851 1592 1098 1493 1190 1638 1013 1010 1118 1043 1229 1977 1969 1179 1233 1483 1438 1880 1023 1766 1771 1522 1791 1191 1367 1494 1976 1634 1365 1539 1472 1682 1097 1447 1936 1336 1617 1492 1390 1317 1919 1353 1281 1839 1801 1244 1400 1183 1489 1619 1844 1131 1813 1868 1306 1960 1996 1119 1300 1923 1336 1374 BCNSPRNW ULIB Ver.6.0+V

เปลี่ยนเป็นภาษาไทย

Change to English
 แสดงรายละเอียดบรรณานุกรม
  กลับหน้าหลัก

Brief Record : Get Marc (ISO 2709) : E-mail record : QR code < ปิดหน้าต่าง
LEADER : 00000nam 2200000uu 4500
001    13399125874
003     ULIB
008    020711s2560 th a 000 0 tha d
020    ู^a9789990120011
060    ^aQT255^bจ138ห
100    ^aจตุรงค์ เหมรา.
245    ^aหลักการและการปฏิบัติ : การทดสอบสมรรถภาพทางกาย/^bจตุรงค์ เหมรา.
260    ^aลำปาง :^bลำปางบรรณกิจพริ้นติ้ง,^c2560
300    ^a333 หน้า;^c30 ซม.
650    ^aการออกกำลังกาย
650  0 ^aการทดสอบสมรรถภาพ
945    ^p350^l0^i003297
945    ^p350^l0^i003298
945    ^p350^l0^i003299
999    ^aประนอม เกษจรัล
รายการนี้ยังไม่มีแท็ก
คุณยังไม่ได้ล็อกอิน คุณสามารถมีกิจกรรมร่วมกับเว็บไซต์ได้ แต่ต้องล็อกอินก่อน ::
  ล็อกอิน

รายการสื่อสารสนเทศ

ลำดับที่ ประเภท เลขเรียก/บาร์โค้ด สถานที่ สถานะ
1. วิทยาศาสตร์การแพทย์ และสุขภาพ
หนังสือสำรอง
สถานะ=หนังสือสำรอง
QT255 จ138ห ฉ.1 
  Barcode: 003297
ห้องสมุดวิทยาเขตสวรรค์ประชารักษ์
►หนังสือทั่วไป
บนชั้น
2. วิทยาศาสตร์การแพทย์ และสุขภาพ
วิทยาศาสตร์การแพทย์ และสุขภาพ
QT255 จ138ห ฉ.2 
  Barcode: 003298
ห้องสมุดวิทยาเขตสวรรค์ประชารักษ์
►หนังสือทั่วไป
บนชั้น
3. วิทยาศาสตร์การแพทย์ และสุขภาพ
วิทยาศาสตร์การแพทย์ และสุขภาพ
QT255 จ138ห ฉ.3 
  Barcode: 003299
ห้องสมุดวิทยาเขตสวรรค์ประชารักษ์
►หนังสือทั่วไป
บนชั้น

รายการใกล้เคียง
    หัวเรื่อง [การออกกำลังกาย]
    หัวเรื่อง [การทดสอบสมรรถภาพ]

BibComment


ยังไม่เคยถูกคอมเมนท์

คอมเมนท์ทรัพยากรรายการนี้
  คอมเมนท์: หลักการและการปฏิ..


 Copyright 2026. Bcnsprnw @Library